| 000 | 00423nam a2200169Ia 4500 | ||
|---|---|---|---|
| 005 | 20250423095404.0 | ||
| 008 | 250422s9999 xx 000 0 und d | ||
| 020 | _a0-9665370-1-7 | ||
| 100 | _aSmith, Sandi. | ||
| 245 | 0 | _aFollowing Amelia : a modern-day ’round-the-world flight | |
| 260 | _aTexas | ||
| 260 | _bRuby Moon Press | ||
| 260 | _c2005 | ||
| 300 | _a199 p | ||
| 650 | _aPortland, Maine,USA | ||
| 942 | _cBK | ||
| 999 |
_c30127 _d30127 |
||